USMLE step 2 classic presentations and rapid review for the USMLE, step 2/ (Record no. 7989)
[ view plain ]
| 000 -LEADER | |
|---|---|
| fixed length control field | 00802 a2200217 4500 |
| 010 ## - LCCN (DPL NO) | |
| LC control number | ENG-88265 |
| 020 ## - INTERNATIONAL STANDARD BOOK NUMBER | |
| International Standard Book Number | 8185502773 |
| Terms of availability | 195.00 |
| 035 ## - SYSTEM CONTROL NUMBER | |
| System control number | EN-71798 |
| 037 ## - SOURCE OF ACQUISITION | |
| Source of stock number/acquisition | DBAD / PUB |
| 082 14 - DEWEY DECIMAL CLASSIFICATION NUMBER | |
| Classification number | 616.0076 |
| 245 1# - TITLE STATEMENT | |
| Title | USMLE step 2 classic presentations and rapid review for the USMLE, step 2/ |
| Statement of responsibility, etc | by Theodore X. O'Connell ... [et al]; edited by Theodore X. O'Connell, Susan L. Taylor and Kurt E. Johnson |
| 260 ## - PUBLICATION, DISTRIBUTION, ETC. (IMPRINT) | |
| Place of publication, distribution, etc | New Delhi |
| Name of publisher, distributor, etc | All India Publishers & Distributors |
| Date of publication, distribution, etc | 2000 |
| 270 ## - ADDRESS | |
| Address | 4380/4B, Ansari Road, Darya Ganj, |
| City | New Delhi |
| Postal code | 110 002 |
| 300 ## - PHYSICAL DESCRIPTION | |
| Extent | ix, 215p. |
| Dimensions | 28cm (pbk ) |
| 500 ## - GENERAL NOTE | |
| General note | Includes index |
| 700 ## - ADDED ENTRY--PERSONAL NAME | |
| Personal name | O'Connell, Theodore X. |
| 700 ## - ADDED ENTRY--PERSONAL NAME | |
| Personal name | Taylor, Susan L. |
| 700 ## - ADDED ENTRY--PERSONAL NAME | |
| Personal name | Huerta, Sergio |
| 700 ## - ADDED ENTRY--PERSONAL NAME | |
| Personal name | Jamali, Aamer H. |
| 942 ## - ADDED ENTRY ELEMENTS (KOHA) | |
| Institution code [OBSOLETE] | dpl |
| Item type | English Books |
| Source of classification or shelving scheme | Dewey Decimal Classification |
| Classification part | 616.0076 |
| Call number suffix | USM |
| Withdrawn status | Lost status | Not for loan | Collection code | Home library | Current library | Source of acquisition | Cost, normal purchase price | Full call number | Barcode | Copy number | Cost, replacement price | Koha item type |
|---|---|---|---|---|---|---|---|---|---|---|---|---|
| Not For Loan | Non-fiction | D.B.Act.Division | D.B.Act.Division | DBAD/PUB | 195.00 | 616.0076 USM | EN-71798 | 1 | 195.00 | English Books |
